000 00856nam a22002657a 4500
003 DO-SdBNP
005 20250609123930.0
007 ta
008 220128b2019 dr ||||| |||| 00| 0 spa d
020 _a9789945614534
040 _aDO-SdBNP
_bspa
_cBNPHU
082 4 _aRD868.44
_bS587s
_222
100 1 _aSilverio, Leo
_975122
245 1 0 _aSabores del bosque /
_cLeo Silverio; prólogo Pedro Antonio Valdez.
260 _aSanto Domingo :
_bSantuario,
_c2019.
300 _a90 p. ;
_c23 cm.
500 _aIncluye datos biográficos del autor en las solapas.
590 _aInventariado, 2022 /LP
650 1 4 _aCuentos dominicanos
650 1 4 _aLiteratura dominicana
650 1 0 _aPalabras y frases
_910914
700 1 _aValdez, Pedro Antonio,
_d1968-
_eprólogo
_922509
910 _aLopérez./Validado. Control de calidad MFF
942 _2ddc
_cLBS1
999 _c51255
_d51255